Statistics for Hrvatske županije

Click here to take the quiz!

General Stats

  • This quiz has been taken 90 times
  • The average score is 14 of 21

Answers on the Map

Answers color-coded by a green-red scale on the quiz's map according to % correct below.
 

Answer Stats

Županija% Correct
Grad Zagreb
96%
Istarska županija
84%
Splitsko-dalmatinska županija
79%
Dubrovačko-neretvanska županija
77%
Zadarska županija
77%
Šibensko-kninska županija
74%
Zagrebačka županija
74%
Ličko-senjska županija
73%
Međimurska županija
71%
Osječko-baranjska županija
70%
Karlovačka županija
69%
Vukovarsko-srijemska županija
67%
Primorsko-goranska županija
64%
Brodsko-posavska županija
63%
Varaždinska županija
63%
Sisačko-moslavačka županija
56%
Krapinsko-zagorska županija
51%
Požeško-slavonska županija
51%
Bjelovarsko-bilogorska županija
44%
Virovitičko-podravska županija
41%
Koprivničko-križevačka županija
37%

Score Distribution

Percentile by Number Answered

Percent of People with Each Score

Your Score History

You have not taken this quiz